000 01465cam a2200325Ia 4500
001 STB034369 STB035477
003 OCoLC
005 20150127091432.0
008 130206s2014 moua b 001 0 eng d
015 _aGBB312996
_2bnb
020 _a9780323083300 (hbk.)
020 _a9789814371421
040 _aUKMGB
_beng
_cUKMGB
_dOCLCO
_dVET
_dTMY
_dIUD
_dYDXCP
_dTXI
050 _aQR 67
_b.T462 2014
100 1 _aTille, Patricia M.
245 1 0 _aBailey & Scott's diagnostic microbiology /
_cPatricia M. Tille.
250 _a13th ed.
260 _aSt. Louis :
_bElsevier Mosby,
_cc2014.
300 _axii, 1038 pages :
_billustrations (chiefly color) ;
_c29 cm.
500 _aPrevious edition: published by Betty A. Forbes, Daniel F. Sahm and Alice S. Weissfeld. 2007.
504 _aIncludes bibliographical references and index.
505 0 _apt. I. Basic medical microbiology -- pt. II. General principles in clinical microbiology -- pt. III. Bacteriology -- pt. IV. Parasitology -- pt. V. Mycology -- pt. VI. Virology -- pt. VII. Diagnosis by organ system -- pt. VIII. Clinical laboratory management.
650 0 _aDiagnostic microbiology
_vTextbooks.
650 _aMicrobiological Techniques.
650 _aDiagnostic Techniques and Procedures.
700 1 _aBailey, W. Robert
_q(William Robert),
_d1917-
_tDiagnostic microbiology.
740 _aBailey and Scott's diagnostic microbiology.
740 _aDiagnostic microbiology.
942 _2lcc
_cBK
999 _c278732
_d278732